Online Public Access Catalogue

Cytology : (Record no. 8952)

MARC details
000 -LEADER
fixed length control field 00952cam a22002654a 4500
020 ## - INTERNATIONAL STANDARD BOOK NUMBER
International Standard Book Number 9781455744626
035 ## - SYSTEM CONTROL NUMBER
System control number (OCoLC)232340244
042 ## - AUTHENTICATION CODE
Authentication code pcc
082 00 - DEWEY DECIMAL CLASSIFICATION NUMBER
Classification number 616.07582
Author Mark CIB
100 1# - MAIN ENTRY--PERSONAL NAME
Author Name Cibas, Edmund S.
245 10 - TITLE STATEMENT
Title Cytology :
Subtitle diagnostic principles and clinical correlates /
250 ## - EDITION STATEMENT
Edition statement 4th ed.
260 ## - PUBLICATION, DISTRIBUTION, ETC.
Place of publication, distribution, etc. Philadelphia, PA :
Name of publisher, distributor, etc. Saunders/Elsevier,
Date of publication, distribution, etc. c2014.
300 ## - PHYSICAL DESCRIPTION
No of Pages xiii, 560 p. :
illustrations ill. (chiefly col.) ;
Dimensions 29 cm.
500 ## - GENERAL NOTE
General note "An Expert consult title"--Cover.
504 ## - BIBLIOGRAPHY, ETC. NOTE
Bibliography, Index, etc. note Includes bibliographical references and index.
650 #0 - SUBJECT ADDED ENTRY--TOPICAL TERM
Subject Cytodiagnosis.
650 12 - SUBJECT ADDED ENTRY--TOPICAL TERM
Subject Cytodiagnosis
650 22 - SUBJECT ADDED ENTRY--TOPICAL TERM
Subject Cytological Techniques.
906 ## - LOCAL DATA ELEMENT F, LDF (RLIN)
a 7
b cbc
c orignew
d 1
e ecip
f 20
g y-gencatlg
942 ## - ADDED ENTRY ELEMENTS (KOHA)
Source of classification or shelving scheme
Koha item type Books
505 0# -
-- Cervical and vaginal cytology
Holdings
Item status Home library Current library Date acquired Total Checkouts Full call number Barcode Date last seen Koha item type
  Islamabad Medical and Dental College Islamabad Medical and Dental College 08/01/2019   616.07582 CIB 10776 08/01/2019 Books

Copyright @ IMDC Library
Islamabad Medical and Dental College
Bhara Kahu, Islamabad

  Contact the Librarian, IMDC
  Email:: library@imdcollege.edu.pk

  OPAC Customized by
  Mazhar Hussain,
  Librarian:
  Islamabad Medical and Dental College
  Email:: library@imdcollege.edu.pk